01279nas a2200277Ia 4500001001100000003000900011008004100020040001300061040001300074041001300087100003800100210002300138222002300161245010500184250001100289260002100300501008600321300000900407310001200416362003600428500026000464650003600724942000700760999001900767952021500786R026/43517IT-RoPAU151124c99999999xx |||||||||||| ||und|| aIT-RoPAU cIT-RoPAU aITALIANO aAA.VV. gCodice Aut. SPICS: 12000 aNOSTRO CINEMA (IL) aNostro Cinema (Il) aNOSTRO CINEMA (IL), ANNO 15-N.177 (NOVEMBRE 1977)bNostro Cinema (Il), Anno 15-N.177 (Novembre 1977) a1a ed. aROMAbACECc1977 bPaulus - SPICS - Società San Paolo EM (non-commercial uses only)cCopyright2015 a4 p. aMENSILE aANNO 015, N.177 (NOVEMBRE 1977) aAudiovisivi ed Evangelizzazione. Vi Consulta Nazionale Fac. Rapporti con il Teatro Sperimentale: Formule Alternative. Note Critiche Sui Film: la Ballata di Stroszek di Werner Herzog, una Giornata Particolare di Ettore Scola,Guerre Stellari di George Lucas aCINEMAvPUBBLICAZIONE PERIODICA cCR c135815d135815 0010406R_026_43517000000000071aSPICSbSPICSd2015-11-25l0oR026/43517r2015-11-25 00:00:00w2015-11-25yCRzProgr. Ins: 28619 / Copia rara: NO / date import: 25.11.2015 / By Epidotti, Trombetti, Vaglietti